000
00366nam a2200145Ia 4500
008
191206s9999 xx 000 0 und d
020
_a
000614036X
090
_a
PZ4E28
245
0
_a
"Emperor of the Sea, and other stories"
260
_a
Fontana
260
_b
Fontana modern novels
260
_c
c1974
300
_a
127 p. ; 18 cm.
999
_c
15881
_d
15881